| 000 | 00555nam a2200181Ia 4500 | ||
|---|---|---|---|
| 003 | IN-BaIIA | ||
| 008 | 211028s9999 xx 000 0 eng d | ||
| 020 | _a978-0-07-058557-7 | ||
| 040 | _cIIA Library | ||
| 080 |
_a533.9:621 _bJOH |
||
| 100 |
_aJohn, P. I _929641 |
||
| 245 | 0 |
_aPlasma sciences and the creation of wealth _cP. I. John |
|
| 260 |
_aNew Delhi _bTata McGraw-Hill _c2005 |
||
| 300 | _axviii, 469p. | ||
| 650 |
_aPlasma oscillations _929642 |
||
| 650 |
_aPlasma sciences _929643 |
||
| 942 | _cBK | ||
| 999 |
_c16031 _d16031 |
||